Top 10 Countries in Geothermal Energy Production - Statistics

General Stats
  • This quiz has been taken 219 times
    164 since last reset
  • The average score is 6 of 10
Answer Stats
Capacity (MW) Geothermal Country % Correct
3591 United States
96%
542 Japan
85%
755 Iceland
76%
951 Mexico
69%
1948 Indonesia
65%
1005 New Zealand
55%
944 Italy
52%
1868 Philippines
49%
1200 Turkey
45%
676 Kenya
13%
No matching quizzes found
Score Distribution
Percent of People with Each Score
Percentile by Number Answered
Your Score History
You have not taken this quiz since the last reset